Đạo đức 4 Sách giáo viên

Sparad:
Bibliografiska uppgifter
Huvudupphovsman: Lưu, Thu thủy
Övriga upphovsmän: Nguyễn, Việt Bắc
Materialtyp: Bok
Språk:Undetermined
Publicerad: H. Giáo dục Việt Nam 2010
Ämnen:
Länkar:http://lrc.tdmu.edu.vn/opac/search/detail.asp?aID=2&ID=16319
Taggar: Lägg till en tagg
Inga taggar, Lägg till första taggen!
Thư viện lưu trữ: Trung tâm Học liệu Trường Đại học Thủ Dầu Một
LEADER 00694nam a2200217Ia 4500
001 TDMU_16319
008 210410s9999 xx 000 0 und d
082 |a 170.71 
090 |b L522 
100 |a Lưu, Thu thủy 
245 0 |a Đạo đức 4 
245 0 |b Sách giáo viên 
245 0 |c Lưu Thu Thủy và [nh.ng. khác] 
260 |a H. 
260 |b Giáo dục Việt Nam 
260 |c 2010 
300 |a 71tr. 
650 |a Đạo đức; Sách lớp 4; Sách giáo viên 
700 |a Nguyễn, Việt Bắc 
856 |u http://lrc.tdmu.edu.vn/opac/search/detail.asp?aID=2&ID=16319 
980 |a Trung tâm Học liệu Trường Đại học Thủ Dầu Một